Κατάλογος Βιβλιοθηκών Mediterranean College

Εισαγωγή στην Οικονομική Ιστορία της Ευρώπης / Πανεπιστημιακό Εγχειρίδιο - 16ος - 20ος Αιώνας (Record no. 4377)

MARC details
000 -LEADER
fixed length control field 01952cam a22001934a 4500
005 - ΗΜΕΡΟΜΗΝΙΑ ΚΑΙ ΩΡΑ ΤΕΛΕΥΤΑΙΑΣ ΕΝΗΜΕΡΩΣΗΣ
Πεδίο ελέγχου 20250605164144.0
008 - FIXED-LENGTH DATA ELEMENTS--GENERAL INFORMATION
Πεδίο ελέγχου σταθερού μήκους 250528s ||||||||||||||||||||||||d
035 ## - SYSTEM CONTROL NUMBER
System control number 19096
020 ## - ISBN
ISBN 9607643496
040 ## - ΠΗΓΗ ΚΑΤΑΛΟΓΟΓΡΑΦΗΣΗΣ
Φορέας πρωτότυπης καταλογογράφησης MC Athens Campus Library
Γλώσσα καταλογογράφησης Ελληνικά, Μοντέρνα (1453-)
Modifying agency MC Athens Campus Library
Κανόνες περιγραφικής καταλογογράφησης AACR2
245 1# - ΤΙΤΛΟΣ ΚΑΙ ΔΗΛΩΣΗ ΥΠΕΥΘΥΝΟΤΗΤΑΣ
Τίτλος Εισαγωγή στην Οικονομική Ιστορία της Ευρώπης / Πανεπιστημιακό Εγχειρίδιο - 16ος - 20ος Αιώνας
260 ## - PUBLICATION, DISTRIBUTION, ETC.
Name of publisher, distributor, etc. Τυπωθήτω - Γιώργος Δαρδανός,
Date of publication, distribution, etc. 1997
300 ## - PHYSICAL DESCRIPTION
Extent 440
520 ## - SUMMARY, ETC.
Summary, etc. Το παρόν εγχειρίδιο αποτελεί μια συνοπτική εικόνα της ευρωπαϊκής οικονομίας - και εμμέσως και της κοινωνίας - κατά τους Νεόυς Χρόνους και τη Σύγχρονη Εποχή, δηλαδή από τον 16ο έως τον 20ό αιώνα. Πρόλογος, Εισαγωγικά, Η Περίοδος του Εμπορικού Καπιταλισμού, Η Έξοδος των Ευρωπαίων, Η Οργάνωση του Εμπορίου, Η ''Κρίση'' του 17ου Αιώνα, Οι Βιομηχανικές Επαναστάσεις (Γένεση και Εξέλιξη του Βιομηχανικού Καπιταλισμού), Οικονομική Ανάπτυξη και Νέες Παγκόσμιες Ισορροπίες, Πληθυσμός και Παραγωγή και Κατανάλωση, Η Θεαματική Ανάπτυξη των Μεταφορικών Μέσων, Οι Αλλαγές στην Αγροτική Οικονομία, Ο Νέος Ρόλος και η Ανάπτυξη του Εμπορίου, Οι Πόλεμοι και οι Οικονομικές Κρίσεις, Ο Ρόλος του Νομίσματος και των Τραπεζών, Ευρετήριο.
700 1# - ΠΡΟΣΘΕΤΗ ΑΝΑΓΡΑΦΗ--ΦΥΣΙΚΟ ΠΡΟΣΩΠΟ
Personal name Κρεμμυδάς Βασίλης
9 (RLIN) 2633
942 ## - ADDED ENTRY ELEMENTS (KOHA)
Koha item type Books
Holdings
Τύπος τεκμηρίου Βιβλιοθήκη Τρέχουσα τοποθεσία Barcode Αριθμός εισαγωγής Ημερομηνία απόκτησης Ταξιθετικό σύμβολο Αριθμός αντιτύπου Κατάσταση απόσυρσης Κατάσταση χαμένου Κατάσταση κατεστραμμένου Μη δανεισμός Σύνολο δανεισμών Ημερομηνία τελευταίας εμφάνισης Η τιμή ισχύει από
Books MC Athens Campus Library MC Athens Campus Library 9780000043764 4035 05/06/2025 330.9402 KRE C.1 2           05/06/2025 05/06/2025

MC Athens Campus Library
Πατησίων 94 & Κοδριγκτώνος 13, 104 34
Πελλήνης 8 & Πατησίων 107, 112 51
Τ: +30 210 8899600

MC Thessaloniki Campus Library
Ίωνος Δραγούμη 21, 54625 | Ίωνος Δραγούμη 15, 54625
Τ: +30 2310 287779 – Τ: +30 2314 440300